000002803 001__ 2803 000002803 005__ 20260430105811.0 000002803 037__ $$aIR 000002803 041__ $$aeng 000002803 245__ $$aLions, tigers, and gummi bears: springing towards effective engagement with research data management 000002803 260__ $$bOregon Health and Science University 000002803 269__ $$a2014-12-01 000002803 336__ $$aArticle 000002803 520__ $$aAs part of an award from the Future of Research Communications and e-Scholarship (Force11) community organization, the Oregon Health & Science University Library implemented an outreach effort with the local research community. The three-pronged approach consisted of a data management open house, one-on-one consultations with researchers, and an interactive data wrangling session. Here we describe our efforts to understand our community’s research data management needs and how the outcomes are influencing the Library’s efforts to provide research data management related services. 000002803 542__ $$fIn copyright - joint owners 000002803 650__ $$aData Management$$013037 000002803 650__ $$aReferral and Consultation$$025251 000002803 651__ $$aOregon$$041094 000002803 6531_ $$aresearch data management 000002803 692__ $$aOHSU Library$$042355 000002803 7001_ $$aVasilevsky, Nicole$$uOregon Health and Science University$$041354 000002803 7001_ $$aWirz, Jackie$$uOregon Health and Science University$$041354 000002803 7001_ $$aChampieux, Robin$$uOregon Health and Science University$$041354 000002803 7001_ $$aHannon, Todd$$uCenter for Health Research, Kaiser Permanente 000002803 7001_ $$aLaraway, Bryan$$uOregon Health and Science University$$041354 000002803 7001_ $$aBanerjee, Kyle$$uOregon Health and Science University$$041354 000002803 7001_ $$aShaffer, Chris$$uOregon Health and Science University$$041354 000002803 7001_ $$aHaendel, Melissa$$uOregon Health and Science University$$041354 000002803 789__ $$eIs version of$$whttps://doi.org/10.6083/m4qc0273$$2DOI 000002803 792__ $$aVasilevsky, Nicole, et al. Lions, Tigers, and Gummi Bears: Springing Towards Effective Engagement with Research Data Management. Jan. 2014, https://doi.org/10.6083/m4qc0273. 000002803 8564_ $$9a667cebb-7b65-46c6-9109-b1d5643d250a$$s283961$$uhttps://digitalcollections.ohsu.edu/record/2803/files/3571_etd.pdf$$ePublic$$2fd2eb5ffd5fdb023bf808bbe44a90df6$$31 000002803 901__ $$a<p>These documents are archival records. They are retained for historical reference only. </p><p><b>Need an accessible version? Use the "Get Accessible Copy" link above.</b></p> 000002803 905__ $$a/rest/prod/js/95/6f/98/js956f98v 000002803 956__ $$aGet Accessible Copy$$uhttps://ohsu.libwizard.com/f/requestaccessibledocument 000002803 980__ $$aLibrary Faculty and Staff Works